00810nam a22002655i 450000100090000000300050000900500170001400800410003101000170007202000180008904000230010704200080013008200160013824500480015426300090020226400550021130000130026633600260027933700280030533800270033390600450036094200120040599900190041795201080043620165179NUST20230413085941.0171206s2018 nyu 000 0 eng  a 2017963001 a9783319723105 aDLCbengerdacDLC apcc a307.76bCLA00aUrban renewal, community and participation. a1801 1aNew York, NY :bSpringer Berlin Heidelberg,c2018. apages cm atextbtxt2rdacontent aunmediatedbn2rdamedia avolumebnc2rdacarrier a0bibccorignewd2eepcnf20gy-gencatlg 2ddccBK c594486d594486 00102ddc4070aNITbNITd2023-04-13l1o307.76 CLApNIT-13656r2024-09-26s2024-08-13w2023-04-13yBK